Top 100 prénom fille 2001 à 2010 - Statistiques

Statistiques générales
  • Ce quiz a été pris 2 303 fois
    2 014 depuis la dernière actualisation
  • Le résultat moyen est 44 sur 100
Statistiques - réponses
Hint Première lettre Réponse % Correct
1 L Léa
89%
6 J Julie
88%
28 L Lou
88%
16 M Marie
85%
12 Z Zoé
85%
2 M Manon
81%
3 C Chloé
80%
10 E Emma
77%
4 C Camille
74%
73 S Sara
73%
13 L Louise
72%
51 J Juliette
70%
15 C Clara
68%
46 A Anna
67%
11 I Ines
66%
24 J Jade
66%
7 L Laura
63%
52 L Lisa
63%
54 L Lola
63%
5 O Océane
62%
30 L Lucie
61%
18 A Alice
60%
29 P Pauline
60%
9 S Sarah
58%
19 C Charlotte
57%
38 L Léna
56%
37 E Élise
55%
44 J Jeanne
55%
42 M Mathilde
55%
26 R Romane
55%
58 E Élisa
53%
25 M Marine
53%
14 J Justine
52%
50 M Marion
52%
21 E Emilie
51%
71 L Lina
51%
27 L Lilou
49%
36 N Noémie
49%
78 O Olivia
49%
23 C Clémence
48%
20 E Eva
48%
86 R Rose
48%
35 N Nina
47%
82 V Valentine
47%
8 A Anaïs
46%
59 L Lise
46%
40 M Margot
46%
34 L Louna
45%
32 C Carla
44%
62 L Louane
44%
49 A Alicia
42%
17 M Margaux
42%
87 V Victoria
42%
60 A Ambre
41%
45 A Amélie
41%
39 C Célia
40%
64 L Lily
39%
67 E Elena
38%
55 G Gabrielle
38%
43 L Luna
37%
48 M Maëlle
37%
69 M Maëlys
37%
97 N Ninon
35%
72 H Héloïse
34%
79 A Amandine
33%
41 E Éloïse
33%
57 E Elsa
32%
53 Y Yasmine
32%
22 M Maëva
31%
95 S Sofia
31%
66 C Cloé
30%
31 M Mélissa
30%
89 M Mila
30%
56 M Morgane
30%
75 A Adèle
28%
91 Z Zélie
28%
74 L Léane
27%
77 E Emy
26%
65 L Léonie
26%
88 A Alexandra
24%
61 M Maya
23%
68 M Mélina
23%
84 L Léana
22%
94 A Alix
21%
80 C Capucine
21%
70 M Méline
21%
76 I Ilona
20%
33 E Emmy
19%
63 F Faustine
18%
90 A Anaëlle
17%
99 A Andréa
17%
47 C Candice
17%
83 K Kenza
17%
92 T Thaïs
17%
85 L Loane
14%
81 I Inaya
13%
100 S Soline
12%
96 A Aya
11%
93 L Lyna
11%
98 M Maïssa
4%
Aucun quiz correspondant
Distribution des résultats
% des personnes avec chaque résultat
Percentile par nombre de réponses
Votre historique - résultats
Vous n’avez pas pris ce quiz depuis la dernière actualisation